000 00498nam a2200181Ia 4500
003 OSt
005 20260107121325.0
008 210210b1966 xxu||||| |||| 00| 0 eng d
040 _cAL
041 _aKannada
082 _a859/1339
100 _aMARALAYYA (S S)
_9159867
_dಮರಳಯ್ಯ (ಎಸ್ ಎಸ್)
245 _aPurushasimha:
_bಪುರುಷಸಿಂಹ
260 _aBengaluru
_bAnanda Nilaya
_c1966
690 _aKannada Fiction
_9159868
906 _a022076
942 _2ddc
_cBK
999 _c146182
_d146182